| 000 | 01273 a2200265 4500 | ||
|---|---|---|---|
| 003 | Nust | ||
| 005 | 20221219112233.0 | ||
| 010 | _a 2004060617 | ||
| 020 | _a0471712337 | ||
| 040 | _cNust | ||
| 082 | 0 | 0 | _a621.38275,SAC |
| 100 | 1 |
_aSackinger, Eduard, _958921 |
|
| 245 | 1 | 0 |
_aBroadband circuits for optical fiber communication / _cEduard Sackinger. |
| 260 |
_aHoboken, N.J. : _bWiley, _cc2005. |
||
| 300 |
_axv, 436 p. : _bill. ; _c25 cm. |
||
| 505 | _aIntroduction (Page-1), Optical Fiber (Page-11), Photodetectors (Page-25), Receiver Fundamentals (Page-45), Transimpedance Amplifiers (Page-105), Main Amplifiers (Page-159), Optical Transmitters (Page-233), Laser and Modulator Drivers (Page-259). | ||
| 650 | 0 |
_aBroadband amplifiers. _9105183 |
|
| 650 | 0 |
_aIntegrated circuits, Very large scale integration. _9668 |
|
| 650 | 0 |
_aOptical communications. _xEquipment and supplies. _9103407 |
|
| 650 | 0 | _aTelecommunication Engineering | |
| 856 | 4 | 1 |
_3Contributor biographical information _uhttp://www.loc.gov/catdir/enhancements/fy0618/2004060617-b.html |
| 856 | 4 | 1 |
_3Publisher description _uhttp://www.loc.gov/catdir/enhancements/fy0618/2004060617-d.html |
| 856 | 4 | 1 |
_3Table of contents only _uhttp://www.loc.gov/catdir/toc/wiley051/2004060617.html |
| 942 |
_2ddc _cBK |
||
| 999 |
_c193644 _d193644 |
||